[Event "World Chess Olympiad 2018"]
[Site "Batumi"]
[Date "2018.09.27"]
[Round "4"]
[Board "2"]
[WhiteFideId "13503391"]
[White "Gurbanov Andrei"]
[BlackFideId "5900328"]
[Black "Constantinou Pavlos"]
[Result "1-0"]
[LiveChessVersion "1.4.8"]
[BlackElo "2114"]
[WhiteElo "2305"]

1. d4 {[%clk 1:30:57]} Nf6 {[%clk 1:30:54]} 2. c4 {[%clk 1:31:23]} e6
{[%clk 1:31:20]} 3. Nf3 {[%clk 1:31:51]} Bb4+ {[%clk 1:31:29]} 4. Nbd2
{[%clk 1:32:11]} d5 {[%clk 1:25:36]} 5. a3 {[%clk 1:29:11]} Be7 {[%clk 1:25:44]}
6. e3 {[%clk 1:27:35]} O-O {[%clk 1:25:45]} 7. b4 {[%clk 1:24:33]} a5
{[%clk 1:25:12]} 8. b5 {[%clk 1:21:56]} c5 {[%clk 1:23:08]} 9. bxc6
{[%clk 1:19:57]} Nxc6 10. Bd3 dxc4 {[%clk 1:04:32]} 11. Nxc4 {[%clk 1:14:22]} b5
{[%clk 1:02:08]} 12. Nce5 {[%clk 1:14:40]} Qb6 {[%clk 1:00:35]} 13. O-O
{[%clk 1:10:39]} Bb7 {[%clk 0:57:50]} 14. Qe2 {[%clk 1:02:00]} b4
{[%clk 0:56:00]} 15. Nc4 {[%clk 1:02:15]} Qc7 {[%clk 0:54:59]} 16. Bd2
{[%clk 0:58:04]} bxa3 {[%clk 0:51:35]} 17. Nxa3 {[%clk 0:56:44]} Nb4
{[%clk 0:51:30]} 18. Rfc1 {[%clk 0:55:55]} Qd7 {[%clk 0:47:27]} 19. Bb5
{[%clk 0:49:33]} Bc6 {[%clk 0:39:25]} 20. Rxc6 {[%clk 0:40:53]} Nxc6
{[%clk 0:39:50]} 21. Ne5 {[%clk 0:41:00]} Nxd4 {[%clk 0:38:08]} 22. Qd3
{[%clk 0:36:38]} Nf3+ {[%clk 0:31:27]} 23. gxf3 {[%clk 0:36:18]} Qxd3
{[%clk 0:31:46]} 24. Bxd3 {[%clk 0:36:14]} Bb4 {[%clk 0:30:21]} 25. Nac4
{[%clk 0:35:18]} Bxd2 {[%clk 0:22:22]} 26. Nxd2 {[%clk 0:35:28]} Rfc8
{[%clk 0:22:38]} 27. Ndc4 {[%clk 0:34:50]} Rc5 {[%clk 0:21:18]} 28. f4
{[%clk 0:34:24]} g6 {[%clk 0:19:26]} 29. Nd6 {[%clk 0:33:13]} Ra7
{[%clk 0:18:12]} 30. Kg2 {[%clk 0:28:55]} h5 {[%clk 0:13:56]} 31. Bc4
{[%clk 0:23:24]} Kg7 {[%clk 0:13:04]} 32. Ra4 {[%clk 0:23:04]} Nd5
{[%clk 0:12:10]} 33. Nd3 {[%clk 0:17:46]} Rc6 {[%clk 0:10:38]} 34. Nb5
{[%clk 0:18:03]} Ra8 {[%clk 0:09:34]} 35. Bxd5 {[%clk 0:18:07]} exd5
{[%clk 0:09:52]} 36. Ne5 {[%clk 0:16:36]} Rc1 {[%clk 0:08:16]} 37. Nd4
{[%clk 0:15:52]} Rb1 {[%clk 0:06:24]} 38. Nec6 {[%clk 0:15:30]} Kf6
{[%clk 0:03:57]} 39. Rxa5 {[%clk 0:14:36]} Rxa5 {[%clk 0:04:23]} 40. Nxa5
{[%clk 0:45:02]} Rb2 {[%clk 0:32:38]} 41. Nac6 {[%clk 0:44:53]} Rb7
{[%clk 0:28:07]} 42. h4 {[%clk 0:43:16]} Kg7 {[%clk 0:27:40]} 43. Ne5
{[%clk 0:43:29]} Rb6 {[%clk 0:17:12]} 44. Kg3 {[%clk 0:42:13]} f6
{[%clk 0:17:17]} 45. Nef3 {[%clk 0:42:22]} Rb1 {[%clk 0:13:02]} 46. f5
{[%clk 0:40:43]} Ra1 {[%clk 0:06:28]} 47. Ne6+ {[%clk 0:39:53]} Kf7
{[%clk 0:06:41]} 48. Nf4 {[%clk 0:39:44]} gxf5 {[%clk 0:04:09]} 49. Nxh5
{[%clk 0:39:47]} Ra8 {[%clk 0:03:41]} 50. Nf4 {[%clk 0:40:01]} Rg8+
{[%clk 0:03:35]} 51. Kh3 {[%clk 0:40:24]} Ra8 {[%clk 0:01:01]} 52. Nd4
{[%clk 0:39:59]} Ra2 {[%clk 0:00:47]} 53. Kg3 {[%clk 0:40:13]} Ra1
{[%clk 0:00:42]} 54. Nxf5 {[%clk 0:40:31]} Rg1+ {[%clk 0:00:48]} 55. Kh2
{[%clk 0:40:19]} Rd1 {[%clk 0:01:02]} 56. Nd4 {[%clk 0:40:42]} Kg7
{[%clk 0:00:50]} 57. Nxd5 {[%clk 0:40:44]} Kg6 {[%clk 0:01:13]} 58. Nf4+
{[%clk 0:41:04]} Kf7 {[%clk 0:00:54]} 59. Nf5 {[%clk 0:41:24]} Ra1
{[%clk 0:01:15]} 60. Kg2 {[%clk 0:41:27]} Ra5 {[%clk 0:01:09]} 61. e4
{[%clk 0:40:57]} Ra3 {[%clk 0:01:23]} 62. h5 {[%clk 0:40:57]} Ra4
{[%clk 0:01:38]} 63. Kf3 {[%clk 0:40:42]} Ra3+ {[%clk 0:02:02]} 64. Kg4
{[%clk 0:41:06]} Ra2 {[%clk 0:01:58]} 65. h6 {[%clk 0:40:26]} Rxf2
{[%clk 0:00:41]} 66. h7 {[%clk 0:40:36]} Rh2 {[%clk 0:01:09]} 67. Nh5
{[%clk 0:40:52]} Rg2+ {[%clk 0:00:55]} 68. Nfg3 {[%clk 0:41:06]} f5+
{[%clk 0:00:48]} 69. exf5 {[%clk 0:41:24]} 1-0

[Event "World Chess Olympiad 2018"]
[Site "Batumi"]
[Date "2018.09.27"]
[Round "4"]
[Board "3"]
[WhiteFideId "5902355"]
[White "Damianou Ioannis"]
[BlackFideId "4118464"]
[Black "Scerbin Dmitrij"]
[Result "0-1"]
[LiveChessVersion "1.4.8"]
[BlackElo "2264"]
[WhiteElo "2008"]

1. c4 {[%clk 1:30:54]} e5 {[%clk 1:30:46]} 2. Nc3 {[%clk 1:30:15]} Nc6
{[%clk 1:30:56]} 3. g3 {[%clk 1:29:52]} Bc5 {[%clk 1:29:16]} 4. Bg2
{[%clk 1:30:12]} d6 {[%clk 1:27:12]} 5. a3 {[%clk 1:26:42]} a5 {[%clk 1:25:57]}
6. e3 {[%clk 1:25:32]} Nge7 {[%clk 1:25:12]} 7. Nge2 {[%clk 1:24:24]} h5
{[%clk 1:24:18]} 8. d4 {[%clk 1:23:02]} Ba7 {[%clk 1:24:25]} 9. h3
{[%clk 1:21:32]} h4 {[%clk 1:23:03]} 10. g4 {[%clk 1:21:51]} f5 {[%clk 1:23:06]}
11. g5 {[%clk 1:18:41]} Ng6 {[%clk 1:16:15]} 12. f4 {[%clk 1:15:50]} Qe7
{[%clk 1:08:44]} 13. Nd5 {[%clk 1:11:40]} Qf7 {[%clk 1:08:14]} 14. b4
{[%clk 1:08:40]} Be6 {[%clk 1:02:50]} 15. Qd2 {[%clk 0:57:15]} Nd8
{[%clk 0:47:07]} 16. bxa5 {[%clk 0:55:32]} c6 {[%clk 0:40:48]} 17. Nb6
{[%clk 0:55:48]} Bxb6 {[%clk 0:41:15]} 18. axb6 {[%clk 0:56:00]} Bxc4
{[%clk 0:41:38]} 19. dxe5 {[%clk 0:44:11]} dxe5 {[%clk 0:41:04]} 20. Kf2
{[%clk 0:40:37]} O-O {[%clk 0:36:59]} 21. fxe5 {[%clk 0:38:30]} Ne6
{[%clk 0:35:28]} 22. Nf4 {[%clk 0:37:14]} Nxg5 {[%clk 0:35:01]} 23. Qc3
{[%clk 0:35:57]} Bd5 {[%clk 0:25:46]} 24. e6 {[%clk 0:29:08]} Bxe6
{[%clk 0:22:30]} 25. Bb2 {[%clk 0:29:32]} Nxf4 {[%clk 0:21:23]} 26. exf4
{[%clk 0:29:56]} Nh7 {[%clk 0:14:33]} 27. Bf3 {[%clk 0:26:11]} Nf6
{[%clk 0:14:50]} 28. Rhg1 {[%clk 0:26:16]} Ra4 {[%clk 0:10:52]} 29. Qe5
{[%clk 0:22:06]} Rc4 {[%clk 0:09:05]} 30. Rae1 {[%clk 0:16:08]} Rc2+
{[%clk 0:08:58]} 31. Re2 {[%clk 0:16:24]} Rxe2+ {[%clk 0:08:34]} 32. Kxe2
{[%clk 0:14:16]} Kh7 {[%clk 0:07:08]} 33. Kf2 {[%clk 0:13:31]} Re8
{[%clk 0:06:19]} 34. a4 {[%clk 0:11:23]} Bd7 {[%clk 0:05:54]} 35. Qd4
{[%clk 0:11:45]} Re7 {[%clk 0:05:14]} 36. a5 {[%clk 0:11:33]} Qb3
{[%clk 0:03:53]} 37. Qc3 {[%clk 0:07:40]} Qxc3 {[%clk 0:02:06]} 38. Bxc3
{[%clk 0:08:08]} Bc8 {[%clk 0:02:02]} 39. a6 {[%clk 0:06:02]} bxa6
{[%clk 0:02:13]} 40. Bxf6 {[%clk 0:36:13]} gxf6 {[%clk 0:32:40]} 41. Bxc6
{[%clk 0:36:37]} Bb7 {[%clk 0:32:42]} 42. Rc1 {[%clk 0:35:35]} Bxc6
{[%clk 0:33:04]} 43. Rxc6 {[%clk 0:35:59]} Kg6 {[%clk 0:33:14]} 44. Rc1
{[%clk 0:31:00]} Rb7 {[%clk 0:32:37]} 45. Rc6 {[%clk 0:28:53]} Re7
{[%clk 0:28:34]} 46. Rc1 {[%clk 0:27:03]} Rb7 {[%clk 0:26:27]} 47. Rc6
{[%clk 0:27:27]} Rd7 {[%clk 0:17:24]} 48. Rc1 {[%clk 0:22:51]} Rd2+
{[%clk 0:17:24]} 49. Ke3 {[%clk 0:19:32]} Rb2 {[%clk 0:17:45]} 50. Rc6
{[%clk 0:19:58]} Rb4 {[%clk 0:16:21]} 51. Kd3 {[%clk 0:16:28]} a5
{[%clk 0:14:49]} 52. Kc3 {[%clk 0:13:00]} Rb1 {[%clk 0:14:50]} 53. Kc2
{[%clk 0:12:22]} Rb5 {[%clk 0:14:55]} 54. Kd3 {[%clk 0:10:03]} a4
{[%clk 0:15:04]} 55. Rc4 {[%clk 0:08:39]} Rxb6 {[%clk 0:15:16]} 56. Rxa4
{[%clk 0:08:59]} Rb3+ {[%clk 0:15:44]} 57. Ke2 {[%clk 0:08:38]} Rxh3
{[%clk 0:16:03]} 58. Ra8 {[%clk 0:06:53]} Kh5 {[%clk 0:15:18]} 59. Rf8
{[%clk 0:06:04]} Kg4 {[%clk 0:15:13]} 60. Rxf6 {[%clk 0:05:40]} Kxf4
{[%clk 0:15:06]} 61. Rh6 {[%clk 0:04:56]} Rh2+ {[%clk 0:14:59]} 62. Kf1
{[%clk 0:05:06]} Kf3 {[%clk 0:09:12]} 63. Kg1 {[%clk 0:05:19]} Rg2+
{[%clk 0:08:29]} 64. Kh1 {[%clk 0:04:34]} Re2 {[%clk 0:06:29]} 65. Kg1
{[%clk 0:03:58]} f4 {[%clk 0:06:21]} 66. Rxh4 {[%clk 0:02:38]} Kg3
{[%clk 0:06:26]} 67. Kf1 {[%clk 0:03:04]} Kxh4 {[%clk 0:06:44]} 68. Kxe2
{[%clk 0:03:30]} 0-1

[Event "World Chess Olympiad 2018"]
[Site "Batumi"]
[Date "2018.09.27"]
[Round "4"]
[Board "4"]
[WhiteFideId "14511444"]
[White "Glazar Domagoj"]
[BlackFideId "5900360"]
[Black "Georgiou Andreas"]
[Result "1-0"]
[LiveChessVersion "1.4.8"]
[BlackElo "1868"]
[WhiteElo "2145"]

1. d4 {[%clk 1:30:55]} Nf6 {[%clk 1:30:44]} 2. c4 {[%clk 1:31:13]} e6
{[%clk 1:30:56]} 3. Nc3 {[%clk 1:31:32]} Bb4 {[%clk 1:31:17]} 4. Qc2
{[%clk 1:31:48]} Nc6 {[%clk 1:31:26]} 5. Nf3 {[%clk 1:31:58]} d6 {[%clk 1:30:25]}
6. Bd2 {[%clk 1:31:46]} Qe7 {[%clk 1:29:58]} 7. a3 {[%clk 1:31:49]} Bxc3
{[%clk 1:30:17]} 8. Bxc3 {[%clk 1:32:09]} O-O {[%clk 1:30:11]} 9. e4
{[%clk 1:29:50]} e5 {[%clk 1:30:16]} 10. d5 {[%clk 1:29:23]} Nb8 {[%clk 1:30:07]}
11. Be2 {[%clk 1:29:16]} a5 {[%clk 1:30:27]} 12. b4 {[%clk 1:28:50]} axb4
{[%clk 1:30:34]} 13. axb4 {[%clk 1:29:07]} Rxa1+ {[%clk 1:30:59]} 14. Bxa1
{[%clk 1:29:30]} Na6 {[%clk 1:25:59]} 15. Bc3 {[%clk 1:28:53]} c5
{[%clk 1:19:15]} 16. dxc6 {[%clk 1:27:29]} bxc6 {[%clk 1:19:12]} 17. O-O
{[%clk 1:27:13]} Nc7 {[%clk 1:08:25]} 18. Rd1 {[%clk 1:23:41]} Ne6
{[%clk 1:07:28]} 19. c5 {[%clk 1:18:51]} dxc5 {[%clk 1:00:22]} 20. Nxe5
{[%clk 1:18:35]} cxb4 {[%clk 0:54:23]} 21. Nxc6 {[%clk 1:17:11]} Qc5
{[%clk 0:53:47]} 22. Nxb4 {[%clk 1:17:04]} Nxe4 {[%clk 0:40:13]} 23. Qxe4
{[%clk 1:17:01]} Qxc3 {[%clk 0:40:38]} 24. Nd5 {[%clk 1:15:25]} Qa3
{[%clk 0:36:25]} 25. Bd3 {[%clk 1:13:53]} f5 {[%clk 0:34:26]} 26. Qe3
{[%clk 1:09:33]} Qb3 {[%clk 0:25:48]} 27. Ne7+ {[%clk 1:06:58]} Kf7
{[%clk 0:25:03]} 28. Rb1 {[%clk 1:07:00]} f4 {[%clk 0:20:40]} 29. Bg6+
{[%clk 1:07:14]} Kxe7 {[%clk 0:19:12]} 30. Qxb3 {[%clk 1:07:31]} hxg6
{[%clk 0:19:40]} 31. Qa3+ {[%clk 1:05:25]} Kf6 {[%clk 0:19:33]} 32. Rb8
{[%clk 1:02:41]} Rd8 {[%clk 0:19:23]} 33. Qc1 {[%clk 1:02:36]} Nd4
{[%clk 0:16:29]} 34. Qxf4+ {[%clk 0:58:47]} Bf5 {[%clk 0:15:46]} 35. Rb6+
{[%clk 0:58:59]} Kf7 {[%clk 0:15:37]} 36. Kf1 {[%clk 0:56:52]} g5
{[%clk 0:14:54]} 37. Rb7+ {[%clk 0:55:40]} Kg6 {[%clk 0:14:33]} 38. Rxg7+
{[%clk 0:55:39]} 1-0

[Event "World Chess Olympiad 2018"]
[Site "Batumi"]
[Date "2018.09.27"]
[Round "4"]
[Board "1"]
[WhiteFideId "4101898"]
[White "Babarykin Stanislav"]
[BlackFideId "1950711"]
[Black "Monteiro Antonio"]
[Result "1-0"]
[LiveChessVersion "1.4.8"]
[BlackElo "1877"]
[WhiteElo "2396"]

1. e4 {[%clk 1:30:45]} d5 {[%clk 1:30:58]} 2. exd5 {[%clk 1:31:06]} Qxd5
{[%clk 1:31:13]} 3. Nc3 {[%clk 1:31:22]} Qd8 {[%clk 1:31:19]} 4. d4
{[%clk 1:31:36]} Nf6 {[%clk 1:31:02]} 5. Bc4 {[%clk 1:31:51]} Bf5
{[%clk 1:27:54]} 6. Nf3 {[%clk 1:32:03]} e6 {[%clk 1:28:13]} 7. Qe2
{[%clk 1:30:56]} Bd6 {[%clk 1:27:05]} 8. Bg5 {[%clk 1:25:00]} c6 {[%clk 1:22:39]}
9. Ne5 {[%clk 1:24:47]} Nbd7 {[%clk 1:21:16]} 10. O-O-O {[%clk 1:22:14]} O-O
{[%clk 1:21:06]} 11. g4 {[%clk 1:22:11]} Bg6 {[%clk 1:21:19]} 12. h4
{[%clk 1:22:26]} b5 {[%clk 1:19:35]} 13. Bb3 {[%clk 1:17:37]} b4 {[%clk 1:11:51]}
14. h5 {[%clk 1:17:56]} bxc3 {[%clk 1:11:10]} 15. hxg6 {[%clk 1:18:17]} cxb2+
{[%clk 1:10:40]} 16. Kxb2 {[%clk 1:18:18]} Qa5 {[%clk 1:02:20]} 17. gxf7+
{[%clk 1:16:37]} Rxf7 {[%clk 0:53:23]} 18. Nxf7 {[%clk 1:16:56]} Ba3+
{[%clk 0:52:14]} 19. Kb1 {[%clk 1:17:17]} Nd5 {[%clk 0:42:50]} 20. Qxe6
{[%clk 1:17:18]} Nc3+ {[%clk 0:40:21]} 21. Ka1 {[%clk 1:17:40]} Nxd1
{[%clk 0:38:38]} 22. Nd8+ {[%clk 1:17:51]} 1-0

[Event "World Chess Olympiad 2018"]
[Site "Batumi"]
[Date "2018.09.27"]
[Round "4"]
[Board "2"]
[WhiteFideId "1928112"]
[White "Pereira Eder Marcio"]
[BlackFideId "4107101"]
[Black "Meshkov Yuri A."]
[Result "0-1"]
[LiveChessVersion "1.4.8"]
[BlackElo "2313"]
[WhiteElo "1781"]

1. d4 {[%clk 1:30:25]} Nf6 {[%clk 1:29:55]} 2. Bf4 {[%clk 1:30:31]} c5
{[%clk 1:25:46]} 3. e3 {[%clk 1:30:25]} g6 {[%clk 1:25:48]} 4. Nc3
{[%clk 1:28:53]} Bg7 {[%clk 1:23:29]} 5. h4 {[%clk 1:24:28]} Qa5 {[%clk 1:12:09]}
6. Qd2 {[%clk 1:20:16]} d6 {[%clk 1:08:19]} 7. Be2 {[%clk 1:18:44]} h5
{[%clk 1:06:39]} 8. Nf3 {[%clk 1:17:37]} O-O {[%clk 1:04:40]} 9. O-O
{[%clk 1:17:33]} Bg4 {[%clk 1:03:28]} 10. Rfd1 {[%clk 1:12:38]} Nbd7
{[%clk 1:03:27]} 11. Nd5 {[%clk 0:59:54]} Qd8 {[%clk 1:03:43]} 12. Nxf6+
{[%clk 0:59:55]} Nxf6 {[%clk 1:03:58]} 13. dxc5 {[%clk 0:59:45]} Ne4
{[%clk 1:01:48]} 14. Qd5 {[%clk 0:59:39]} Nxc5 {[%clk 1:00:37]} 15. Rab1
{[%clk 0:53:30]} Be6 {[%clk 1:00:54]} 16. Qd2 {[%clk 0:51:42]} Bxa2
{[%clk 1:00:59]} 17. b4 {[%clk 0:51:52]} Ne4 {[%clk 0:59:05]} 18. Qe1
{[%clk 0:51:30]} Bxb1 {[%clk 0:59:30]} 19. Rxb1 {[%clk 0:51:33]} Nc3
{[%clk 0:57:58]} 20. Rb3 {[%clk 0:51:27]} Rc8 {[%clk 0:57:43]} 21. Ng5
{[%clk 0:48:18]} Nxe2+ {[%clk 0:57:57]} 22. Qxe2 {[%clk 0:48:14]} Qc7 0-1

[Event "World Chess Olympiad 2018"]
[Site "Batumi"]
[Date "2018.09.27"]
[Round "4"]
[Board "3"]
[WhiteFideId "1103520"]
[White "Dukaczewski Piotr"]
[BlackFideId "23600110"]
[Black "Barros Luis"]
[Result "1-0"]
[LiveChessVersion "1.4.8"]
[BlackElo "1774"]
[WhiteElo "2259"]

1. e4 g6 2. d4 Bg7 3. Nc3 d6 4. f4 Nd7 5. Nf3 c5 6. d5 a6 7. a4 b6 8. Bc4 Ndf6 9.
e5 Ng4 10. h3 N4h6 11. Ne4 Rb8 12. Qe2 a5 13. g4 f5 14. exf6 Nxf6 15. Nxf6+ Bxf6
16. g5 O-O 17. gxh6 Rf7 18. c3 Qf8 19. Bd2 Bf5 20. O-O-O Qe8 21. Bb5 Bd7 22. Ng5
Bxg5 23. fxg5 Bxb5 24. Qxb5 Qf8 25. Rhf1 Rf5 26. Qe2 Kh8 27. c4 e5 28. dxe6 Re8
29. Bc3+ Kg8 30. Bf6 d5 31. Rxf5 gxf5 32. Rxd5 f4 33. Rd7 f3 34. Qe4 Re7 35. Rxe7
Qxe7 36. Bxe7 f2 37. Qa8# 1-0

[Event "World Chess Olympiad 2018"]
[Site "Batumi"]
[Date "2018.09.27"]
[Round "4"]
[Board "4"]
[WhiteFideId "23600179"]
[White "Fernandes Luis De Pina"]
[BlackFideId "2205505"]
[Black "Palacios Perez Manuel"]
[Result "0-1"]
[LiveChessVersion "1.4.8"]
[BlackElo "2151"]
[WhiteElo "1654"]

1. e4 e6 2. d4 d5 3. exd5 exd5 4. Nf3 Bd6 5. Bd3 Nc6 6. h3 Nge7 7. Nc3 Nb4 8. Nb5
Nxd3+ 9. Qxd3 Bf5 10. Nxd6+ Qxd6 11. Qe2 O-O-O 12. Be3 Rhe8 13. O-O-O Nc6 14. a3
Be4 15. Ng5 Bg6 16. Qd2 h6 17. Nf3 Be4 18. Bf4 Qf6 19. Ne1 g5 20. Be3 Re6 21. f3
Bg6 22. Nd3 Rde8 23. Ne5 Nxe5 24. dxe5 Qxe5 25. Bxa7 Rc6 26. c3 Qf5 0-1

[Event "World Chess Olympiad 2018"]
[Site "Batumi"]
[Date "2018.09.27"]
[Round "4"]
[Board "1"]
[WhiteFideId "2500914"]
[White "Baburin Alexander"]
[BlackFideId "7200595"]
[Black "Ziska Helgi Dam"]
[Result "1/2-1/2"]
[LiveChessVersion "1.4.8"]
[BlackElo "2550"]
[WhiteElo "2452"]

1. d4 {[%clk 1:30:48]} Nf6 {[%clk 1:30:45]} 2. c4 {[%clk 1:30:44]} g6
{[%clk 1:30:54]} 3. Nf3 {[%clk 1:31:05]} Bg7 {[%clk 1:30:55]} 4. g3
{[%clk 1:31:28]} O-O {[%clk 1:29:34]} 5. Bg2 {[%clk 1:31:12]} d6 {[%clk 1:29:52]}
6. O-O {[%clk 1:31:35]} c6 {[%clk 1:29:40]} 7. b3 {[%clk 1:30:56]} e5
{[%clk 1:25:54]} 8. dxe5 {[%clk 1:27:07]} dxe5 {[%clk 1:26:01]} 9. Ba3
{[%clk 1:26:43]} e4 {[%clk 1:22:53]} 10. Bxf8 {[%clk 1:24:43]} Qxf8
{[%clk 1:22:25]} 11. Nd4 {[%clk 1:25:03]} e3 {[%clk 1:22:10]} 12. fxe3
{[%clk 1:24:16]} Ng4 {[%clk 1:20:35]} 13. Rf3 {[%clk 1:16:15]} Qe7
{[%clk 1:13:46]} 14. Qd2 {[%clk 1:08:23]} Bh6 {[%clk 1:09:16]} 15. Nc2
{[%clk 1:01:57]} Bf5 {[%clk 1:07:43]} 16. h3 {[%clk 0:53:21]} Bxc2
{[%clk 1:07:06]} 17. hxg4 {[%clk 0:46:09]} Be4 {[%clk 0:58:03]} 18. Rf4
{[%clk 0:43:26]} Bxg2 {[%clk 0:58:22]} 19. Kxg2 {[%clk 0:43:41]} Nd7
{[%clk 0:58:22]} 20. Nc3 {[%clk 0:41:48]} Nf6 {[%clk 0:42:29]} 21. Rd1
{[%clk 0:39:56]} Bxf4 {[%clk 0:40:42]} 22. exf4 {[%clk 0:39:27]} Nxg4
{[%clk 0:41:05]} 23. Qd7 {[%clk 0:39:37]} Qe3 {[%clk 0:41:08]} 24. Qxg4
{[%clk 0:39:42]} Qxc3 {[%clk 0:41:32]} 25. Qf3 {[%clk 0:34:10]} Qc2
{[%clk 0:27:12]} 26. Rd7 {[%clk 0:32:46]} Re8 {[%clk 0:27:05]} 27. Kf2
{[%clk 0:32:29]} Qf5 {[%clk 0:19:42]} 28. Qd3 {[%clk 0:26:30]} Qh5
{[%clk 0:14:24]} 29. Rd8 {[%clk 0:21:33]} Qh2+ {[%clk 0:14:42]} 30. Kf3
{[%clk 0:20:55]} Qh1+ {[%clk 0:15:04]} 31. Kf2 {[%clk 0:21:14]} Qh2+
{[%clk 0:15:29]} 32. Kf3 {[%clk 0:21:31]} 1/2-1/2

[Event "World Chess Olympiad 2018"]
[Site "Batumi"]
[Date "2018.09.27"]
[Round "4"]
[Board "2"]
[WhiteFideId "7200420"]
[White "Berg Olaf"]
[BlackFideId "2501430"]
[Black "Astaneh Lopez Alex"]
[Result "1/2-1/2"]
[LiveChessVersion "1.4.8"]
[BlackElo "2433"]
[WhiteElo "2248"]

1. d4 {[%clk 1:30:52]} Nf6 {[%clk 1:30:14]} 2. Nf3 {[%clk 1:31:00]} e6
{[%clk 1:30:30]} 3. g3 {[%clk 1:30:34]} b5 {[%clk 1:30:53]} 4. Bg2
{[%clk 1:30:36]} Bb7 {[%clk 1:31:15]} 5. Nbd2 {[%clk 1:29:13]} c5
{[%clk 1:29:01]} 6. c3 {[%clk 1:18:18]} d5 {[%clk 1:26:56]} 7. a4
{[%clk 1:08:02]} b4 {[%clk 1:26:13]} 8. cxb4 {[%clk 1:08:09]} cxb4
{[%clk 1:26:17]} 9. Ne5 {[%clk 1:05:13]} Nc6 {[%clk 1:16:46]} 10. Nxc6
{[%clk 1:00:38]} Bxc6 {[%clk 1:17:11]} 11. O-O {[%clk 0:56:53]} Be7
{[%clk 1:13:55]} 12. b3 {[%clk 0:44:21]} Rc8 {[%clk 1:04:17]} 13. Bb2
{[%clk 0:44:29]} Bb7 {[%clk 0:59:09]} 14. Rc1 {[%clk 0:31:41]} Rxc1
{[%clk 0:58:48]} 15. Qxc1 {[%clk 0:31:29]} Qd6 {[%clk 0:58:31]} 16. Qb1
{[%clk 0:20:49]} h5 {[%clk 0:53:00]} 17. Rc1 {[%clk 0:16:33]} h4 {[%clk 0:50:40]}
18. Qc2 {[%clk 0:15:28]} hxg3 {[%clk 0:50:27]} 19. hxg3 {[%clk 0:13:33]} O-O
{[%clk 0:47:55]} 20. Qc7 {[%clk 0:12:33]} Rb8 {[%clk 0:47:10]} 21. Qxd6
{[%clk 0:09:27]} Bxd6 {[%clk 0:47:14]} 22. e3 {[%clk 0:09:47]} Kf8
{[%clk 0:46:24]} 23. Bf1 {[%clk 0:09:39]} Ke7 {[%clk 0:46:47]} 24. Be2
{[%clk 0:08:56]} Nd7 {[%clk 0:44:59]} 25. Nf3 {[%clk 0:08:46]} a5
{[%clk 0:45:02]} 26. Rc2 {[%clk 0:08:37]} f6 {[%clk 0:44:48]} 27. Bb5
{[%clk 0:08:11]} g5 {[%clk 0:42:05]} 28. Ne1 {[%clk 0:08:14]} Ra8
{[%clk 0:35:44]} 29. Kf1 {[%clk 0:04:10]} Nb8 {[%clk 0:28:09]} 30. f4
{[%clk 0:01:02]} Ba6 {[%clk 0:25:06]} 31. Bd3 {[%clk 0:01:29]} Nd7
{[%clk 0:24:34]} 32. Rh2 {[%clk 0:01:30]} Bxd3+ {[%clk 0:24:24]} 33. Nxd3
{[%clk 0:01:59]} Nf8 {[%clk 0:22:54]} 34. Ke2 {[%clk 0:00:32]} Rc8
{[%clk 0:21:10]} 35. Kd2 {[%clk 0:01:00]} Kf7 {[%clk 0:21:29]} 36. Rh8
{[%clk 0:00:32]} Kg7 {[%clk 0:16:55]} 37. Rh5 {[%clk 0:01:00]} Nh7
{[%clk 0:15:45]} 38. Nf2 {[%clk 0:00:34]} f5 {[%clk 0:12:22]} 39. Rh1
{[%clk 0:00:36]} Nf6 {[%clk 0:10:17]} 40. Rc1 {[%clk 0:30:38]} Rh8
{[%clk 0:32:03]} 41. Rc6 {[%clk 0:27:32]} Rh2 {[%clk 0:31:59]} 42. Ke1
{[%clk 0:24:20]} Kf7 {[%clk 0:28:00]} 43. Ra6 {[%clk 0:19:52]} gxf4
{[%clk 0:25:47]} 44. gxf4 {[%clk 0:18:14]} Ng4 {[%clk 0:20:30]} 45. Nd3
{[%clk 0:18:23]} Be7 {[%clk 0:20:48]} 46. Bc1 {[%clk 0:17:10]} Rh1+
{[%clk 0:16:21]} 47. Ke2 {[%clk 0:14:13]} Bd8 {[%clk 0:13:34]} 48. Ra7+
{[%clk 0:14:29]} Ke8 {[%clk 0:10:50]} 49. Bd2 {[%clk 0:13:36]} Rh2+
{[%clk 0:10:53]} 50. Kd1 {[%clk 0:13:39]} Nf2+ {[%clk 0:09:39]} 51. Nxf2
{[%clk 0:13:58]} Rxf2 {[%clk 0:09:53]} 52. Kc2 {[%clk 0:11:52]} Rf1
{[%clk 0:09:30]} 53. Bc1 {[%clk 0:11:20]} Rh1 {[%clk 0:08:57]} 54. Bd2
{[%clk 0:10:33]} Rg1 {[%clk 0:09:21]} 55. Bc1 {[%clk 0:10:28]} Rg8
{[%clk 0:09:14]} 56. Bd2 {[%clk 0:10:41]} Rf8 {[%clk 0:09:33]} 57. Kd3
{[%clk 0:10:50]} Rf7 {[%clk 0:09:52]} 58. Rxf7 {[%clk 0:09:34]} Kxf7
{[%clk 0:10:20]} 59. Ke2 {[%clk 0:09:39]} Kg6 {[%clk 0:10:15]} 60. Be1
{[%clk 0:08:15]} Kh5 {[%clk 0:09:05]} 61. Kf3 {[%clk 0:08:26]} Be7
{[%clk 0:09:16]} 62. Bf2 {[%clk 0:08:40]} Bd8 1/2-1/2

[Event "World Chess Olympiad 2018"]
[Site "Batumi"]
[Date "2018.09.27"]
[Round "4"]
[Board "3"]
[WhiteFideId "2504243"]
[White "O`Donnell Conor"]
[BlackFideId "7200315"]
[Black "Poulsen Martin"]
[Result "1/2-1/2"]
[LiveChessVersion "1.4.8"]
[BlackElo "2239"]
[WhiteElo "2360"]

1. d4 {[%clk 1:30:53]} f5 {[%clk 1:30:53]} 2. Bg5 {[%clk 1:27:43]} c6
{[%clk 1:26:09]} 3. e3 {[%clk 1:23:27]} Qb6 {[%clk 1:21:19]} 4. b3
{[%clk 1:23:26]} g6 {[%clk 1:10:46]} 5. Nd2 {[%clk 1:15:33]} Bg7 {[%clk 1:06:45]}
6. c3 {[%clk 1:11:50]} Nf6 {[%clk 1:00:23]} 7. Bd3 {[%clk 1:10:45]} d6
{[%clk 0:53:51]} 8. Ngf3 {[%clk 1:05:37]} O-O {[%clk 0:40:31]} 9. Qc2
{[%clk 1:01:16]} Qc7 {[%clk 0:35:55]} 10. Bxf6 {[%clk 0:47:18]} Bxf6
{[%clk 0:33:26]} 11. e4 {[%clk 0:47:41]} e6 {[%clk 0:24:21]} 12. O-O
{[%clk 0:44:41]} c5 {[%clk 0:19:20]} 13. dxc5 {[%clk 0:36:30]} dxc5
{[%clk 0:18:27]} 14. Rfe1 {[%clk 0:34:27]} Nc6 {[%clk 0:17:39]} 15. Rad1
{[%clk 0:32:18]} Bd7 {[%clk 0:14:55]} 16. a4 {[%clk 0:26:57]} a6 {[%clk 0:14:30]}
17. Re2 {[%clk 0:18:37]} Rad8 {[%clk 0:13:45]} 18. Rde1 {[%clk 0:18:06]} Bc8
{[%clk 0:13:54]} 19. exf5 {[%clk 0:16:20]} exf5 {[%clk 0:13:39]} 20. Nc4
{[%clk 0:14:27]} Qd7 {[%clk 0:11:46]} 21. Nce5 {[%clk 0:13:44]} Qd6
{[%clk 0:08:58]} 22. Nxc6 {[%clk 0:10:31]} Qxc6 {[%clk 0:09:04]} 23. Ne5
{[%clk 0:09:59]} Qc7 {[%clk 0:09:15]} 24. f4 {[%clk 0:07:02]} Bh4
{[%clk 0:07:45]} 25. g3 {[%clk 0:05:09]} Bf6 {[%clk 0:07:20]} 26. h3
{[%clk 0:05:31]} Rfe8 {[%clk 0:06:03]} 27. Bc4+ {[%clk 0:03:15]} Kg7
{[%clk 0:06:06]} 28. Kh2 {[%clk 0:01:20]} Re7 {[%clk 0:05:24]} 29. Nf3
{[%clk 0:00:58]} Rde8 {[%clk 0:05:18]} 30. Rxe7+ {[%clk 0:01:10]} Rxe7
{[%clk 0:05:41]} 31. Rxe7+ {[%clk 0:01:05]} Qxe7 {[%clk 0:06:02]} 32. Qd2
{[%clk 0:00:57]} Qe4 {[%clk 0:05:49]} 33. Bd5 {[%clk 0:00:58]} Qe7
{[%clk 0:03:58]} 34. Kg2 {[%clk 0:00:54]} Kf8 {[%clk 0:03:00]} 1/2-1/2